[Event "CZE-chT2C 1112"]
[Site "Czech Republic"]
[Date "2012.01.22"]
[Round "6.5"]
[White "Vrkota, Milos"]
[Black "Jandovsky, Viktor"]
[Result "0-1"]
[WhiteElo "2073"]
[BlackElo "2163"]
[PlyCount "72"]
[EventDate "2011.10.09"]
[EventType "team-tourn"]
[EventRounds "11"]
[EventCountry "CZE"]
[SourceTitle "EXT 2013"]
[Source "ChessBase"]
[SourceDate "2012.11.22"]
[SourceVersion "1"]
[SourceVersionDate "2012.11.22"]
[SourceQuality "1"]
[WhiteTeam "Kutna Hora"]
[BlackTeam "Pankrac II"]
[WhiteTeamCountry "CZE"]
[BlackTeamCountry "CZE"]

1. e4 c5 2. Nc3 Nc6 3. f4 e6 4. Nf3 d6 5. g3 Be7 6. Bg2 Nf6 7. 0-0 0-0 8. h3 a6 9. a4 Rb8 10. d3 Qc7 11. g4 h6 12. f5 Ne5 13. Nxe5 dxe5 14. b3 b5 15. axb5 axb5 16. Qe2 Bd7 17. h4 Nh7 18. g5 hxg5 19. hxg5 Nxg5 20. Bxg5 Bxg5 21. f6 gxf6 22. Qg4 Kg7 23. Rf3 Rg8 24. Raf1 Kf8 25. Qh5 Ke7 26. Rh3 c4 27. bxc4 bxc4 28. Qe2 Qc5+ 29. Kh1 cxd3 30. Qxd3 Rh8 31. Rd1 Bc6 32. Rxh8 Rxh8+ 33. Bh3 f5 34. Kg2 Bf4 35. Kf1 fxe4 36. Nxe4 Bxe4 0-1

[Event "CZE-chT2C 1011"]
[Site "Czech Republic"]
[Date "2011.02.20"]
[Round "8.4"]
[White "Cernovsky, Jiri"]
[Black "Jandovsky, Viktor"]
[Result "0-1"]
[WhiteElo "2151"]
[BlackElo "2185"]
[PlyCount "64"]
[EventDate "2010.10.17"]
[EventType "team-tourn"]
[EventRounds "11"]
[EventCountry "CZE"]
[SourceTitle "EXT 2012"]
[Source "ChessBase"]
[SourceDate "2011.11.24"]
[SourceVersion "1"]
[SourceVersionDate "2011.11.24"]
[SourceQuality "1"]
[WhiteTeam "Kutna Hora"]
[BlackTeam "Pankrac II"]
[WhiteTeamCountry "CZE"]
[BlackTeamCountry "CZE"]

1. e4 c5 2. Nf3 d6 3. d4 cxd4 4. Nxd4 Nf6 5. Nc3 a6 6. a4 e6 7. Be2 Be7 8. 0-0 Qc7 9. Be3 Nc6 10. f4 0-0 11. Nb3 b6 12. g4 Nd7 13. Qe1 Rb8 14. g5 Na5 15. Nd2 Re8 16. Rf3 Nc6 17. Rh3 Nb4 18. Rc1 Nf8 19. Qf2 d5 20. Nb3 Bd7 21. f5 exf5 22. exf5 Bd6 23. Rh4 Re5 24. Bg4 Rxe3 25. Qxe3 Bf4 26. Qd4 Bxg5 27. Rh3 Bxc1 28. Qxb4 Bxb2 29. Nxd5 Qxc2 30. f6 Bxg4 31. Qxg4 g6 32. Qh4 Qd1+ 0-1

[Event "CZE-chT2C 1011"]
[Site "Czech Republic"]
[Date "2011.02.06"]
[Round "7.3"]
[White "Fiala, Jaroslav"]
[Black "Jandovsky, Viktor"]
[Result "1/2-1/2"]
[WhiteElo "2259"]
[BlackElo "2185"]
[PlyCount "143"]
[EventDate "2010.10.17"]
[EventType "team-tourn"]
[EventRounds "11"]
[EventCountry "CZE"]
[SourceTitle "EXT 2012"]
[Source "ChessBase"]
[SourceDate "2011.11.24"]
[SourceVersion "1"]
[SourceVersionDate "2011.11.24"]
[SourceQuality "1"]
[WhiteTeam "Jicin II"]
[BlackTeam "Pankrac II"]
[WhiteTeamCountry "CZE"]
[BlackTeamCountry "CZE"]

1. e4 c5 2. Nf3 d6 3. c3 Nf6 4. Bd3 Nc6 5. Bc2 e6 6. 0-0 Be7 7. d4 d5 8. e5 Nd7 9. a3 b6 10. Re1 Bb7 11. b4 Rc8 12. Nbd2 Qc7 13. Ra2 g6 14. Nf1 h5 15. Bf4 Qd8 16. c4 Nxd4 17. Nxd4 cxd4 18. cxd5 Bxd5 19. Rb2 g5 20. Bc1 Qc7 21. Ba4 Qb7 22. Bxd7+ Qxd7 23. Qxd4 Ba8 24. Qxd7+ Kxd7 25. Rd1+ Ke8 26. Ne3 g4 27. Rc2 Rxc2 28. Nxc2 Bc6 29. Nd4 Ba4 30. Rd3 Kf8 31. Rc3 Kg7 32. h3 Rd8 33. Be3 Rd5 34. hxg4 hxg4 35. Rc7 Rd7 36. Rc4 Rd5 37. Ne2 Kf8 38. Nc3 Bb3 39. Rc8+ Rd8 40. Rc7 Rd3 41. Ne4 a5 42. Nf6 Bxf6 43. exf6 Kg8 44. Bxb6 axb4 45. axb4 g3 46. fxg3 Rxg3 47. Kh2 Rg4 48. Bc5 Bd5 49. g3 Rg6 50. Be7 Rh6+ 51. Kg1 Rh1+ 52. Kf2 Rb1 53. Rc3 Kh7 54. Ke3 Kg6 55. Kd4 Kf5 56. Kc5 Kg4 57. Re3 Rb3 58. Re5 Bf3 59. b5 Rd3 60. b6 Rd5+ 61. Rxd5 Bxd5 62. Kd6 Kxg3 63. Bf8 Kf4 64. Ke7 e5 65. Kd6 Bf3 66. Bh6+ Kf5 67. Ke7 Kg6 68. Be3 Bb7 69. Bc1 e4 70. Be3 Ba8 71. Bd4 Bb7 72. Be3 1/2-1/2

[Event "CZE-chT2C 1011"]
[Site "Czech Republic"]
[Date "2011.01.09"]
[Round "5.3"]
[White "Londyn, Radek"]
[Black "Jandovsky, Viktor"]
[Result "1-0"]
[WhiteElo "2350"]
[BlackElo "2185"]
[PlyCount "67"]
[EventDate "2010.10.17"]
[EventType "team-tourn"]
[EventRounds "11"]
[EventCountry "CZE"]
[SourceTitle "EXT 2012"]
[Source "ChessBase"]
[SourceDate "2011.11.24"]
[SourceVersion "1"]
[SourceVersionDate "2011.11.24"]
[SourceQuality "1"]
[WhiteTeam "Lysa nad Labem II"]
[BlackTeam "Pankrac II"]
[WhiteTeamCountry "CZE"]
[BlackTeamCountry "CZE"]

1. d4 Nf6 2. c4 d6 3. Nc3 Nbd7 4. e4 e5 5. Nf3 Be7 6. Be2 0-0 7. 0-0 c6 8. h3 a6 9. Be3 Qc7 10. Rc1 Re8 11. d5 Nf8 12. Nd2 Ng6 13. Re1 Bd7 14. b4 a5 15. dxc6 bxc6 16. b5 c5 17. a4 Be6 18. Nd5 Bxd5 19. cxd5 Nd7 20. g3 Nb6 21. h4 Qd8 22. Bf1 Bf6 23. Bh3 Nf8 24. Ra1 Nfd7 25. Qe2 Qe7 26. Rec1 Rf8 27. Qe1 Ra7 28. Nb3 Rfa8 29. Bd2 Qe8 30. Bxa5 Nxa4 31. Rxa4 Nb6 32. Raa1 Qxb5 33. Bxb6 Qxb6 34. Nd2 1-0

[Event "CZE-chT2A 0809"]
[Site "Czech Republic"]
[Date "2009.03.22"]
[Round "10.3"]
[White "Sott, Pavel"]
[Black "Jandovsky, Viktor"]
[Result "1/2-1/2"]
[WhiteElo "2164"]
[BlackElo "2164"]
[PlyCount "49"]
[EventDate "2008.10.12"]
[EventType "tourn"]
[EventRounds "11"]
[EventCountry "CZE"]
[SourceTitle "EXT 2010"]
[Source "ChessBase"]
[SourceDate "2010.11.25"]
[SourceVersion "1"]
[SourceVersionDate "2010.11.25"]
[SourceQuality "1"]
[WhiteTeam "Klatovy Sokol "]
[BlackTeam "Praha Pankrac II"]
[WhiteTeamCountry "CZE"]
[BlackTeamCountry "CZE"]

1. e4 e6 2. d4 d5 3. Nc3 Nf6 4. e5 Nfd7 5. f4 c5 6. Nf3 Nc6 7. Be3 a6 8. Qd2 Be7 9. Qf2 cxd4 10. Nxd4 Qc7 11. Bd3 Nxd4 12. Bxd4 b5 13. Qg3 g6 14. 0-0 Bb7 15. Kh1 b4 16. Ne2 Nc5 17. c3 Nxd3 18. Qxd3 a5 19. cxb4 axb4 20. Rfc1 Qa5 21. Qe3 Ba6 22. Bc5 Bxe2 23. Bxe7 Kxe7 24. Qxe2 Rhc8 25. Qe1 1/2-1/2

[Event "CZE-chT2A 0809"]
[Site "Czech Republic"]
[Date "2008.12.07"]
[Round "4.4"]
[White "Hosticka, Frantisek"]
[Black "Jandovsky, Viktor"]
[Result "1/2-1/2"]
[WhiteElo "2167"]
[BlackElo "2164"]
[PlyCount "52"]
[EventDate "2008.10.12"]
[EventType "tourn"]
[EventRounds "11"]
[EventCountry "CZE"]
[SourceTitle "EXT 2010"]
[Source "ChessBase"]
[SourceDate "2010.11.25"]
[SourceVersion "1"]
[SourceVersionDate "2010.11.25"]
[SourceQuality "1"]
[WhiteTeam "Ceske Budejovice"]
[BlackTeam "Praha Pankrac II"]
[WhiteTeamCountry "CZE"]
[BlackTeamCountry "CZE"]

1. e4 c5 2. b3 Nc6 3. Bb2 d6 4. Bb5 e5 5. Bxc6+ bxc6 6. Ne2 Nf6 7. d3 Be7 8. Nd2 0-0 9. 0-0 Be6 10. Ng3 Qc7 11. Qe2 Nd7 12. Rae1 Rae8 13. Nc4 Bg5 14. Ne3 g6 15. Bc1 Bf4 16. Qd1 d5 17. Qf3 d4 18. Nc4 Bxc1 19. Rxc1 f6 20. Qd1 Rf7 21. Qd2 Kg7 22. Qa5 Rc8 23. Qa6 Rb8 24. Qa5 Qxa5 25. Nxa5 Rb6 26. a4 Nb8 1/2-1/2

[Event "CZE-chT2A 0809"]
[Site "Czech Republic"]
[Date "2008.11.09"]
[Round "2.3"]
[White "Jandovsky, Viktor"]
[Black "Folk, Petr"]
[Result "1/2-1/2"]
[WhiteElo "2164"]
[BlackElo "2226"]
[PlyCount "94"]
[EventDate "2008.10.12"]
[EventType "tourn"]
[EventRounds "11"]
[EventCountry "CZE"]
[SourceTitle "EXT 2010"]
[Source "ChessBase"]
[SourceDate "2010.11.25"]
[SourceVersion "1"]
[SourceVersionDate "2010.11.25"]
[SourceQuality "1"]
[WhiteTeam "Praha Pankrac II"]
[BlackTeam "Plzen Sokol II"]
[WhiteTeamCountry "CZE"]
[BlackTeamCountry "CZE"]

1. e4 c5 2. Nf3 Nc6 3. Nc3 Nf6 4. d4 cxd4 5. Nxd4 e5 6. Ndb5 d6 7. Bg5 a6 8. Na3 b5 9. Nd5 Be7 10. Bxf6 Bxf6 11. c3 Bg5 12. Nc2 Rb8 13. g3 0-0 14. Bg2 a5 15. 0-0 Ne7 16. Nce3 Bxe3 17. Nxe3 Be6 18. Qd2 Qb6 19. Rfd1 Rfd8 20. b3 Rbc8 21. Rac1 Rc5 22. Bf1 Qb7 23. Bd3 Nc6 24. f3 g6 25. Kf2 Rc8 26. Be2 Qb6 27. Kg2 Kg7 28. h4 h5 29. g4 hxg4 30. Nxg4 Rh8 31. Rh1 Qd8 32. Kg3 f5 33. exf5 gxf5 34. Nf2 b4 35. c4 Kf7 36. Kg2 Nd4 37. Rcg1 d5 38. Nh3 Rg8+ 39. Ng5+ Ke7 40. Kf1 Nxe2 41. Nxe6 Kxe6 42. Qh6+ Qf6 43. Qxf6+ Kxf6 44. Rxg8 Nf4 45. Rf8+ Ke6 46. Re8+ Kf6 47. Rf8+ Ke6 1/2-1/2

[Event "CZE-chT2c 0607"]
[Site "Czech Republic"]
[Date "2007.03.11"]
[Round "9.5"]
[White "Eisner, Michal"]
[Black "Jandovsky, Viktor"]
[Result "0-1"]
[WhiteElo "2164"]
[BlackElo "2145"]
[PlyCount "84"]
[EventDate "2006.10.15"]
[EventType "team-tourn"]
[EventRounds "11"]
[EventCountry "CZE"]
[SourceTitle "EXT 2008"]
[Source "ChessBase"]
[SourceDate "2007.11.25"]
[SourceVersion "1"]
[SourceVersionDate "2007.11.25"]
[SourceQuality "1"]
[WhiteTeam "Kolin"]
[BlackTeam "Praha Pankrac II"]
[WhiteTeamCountry "CZE"]
[BlackTeamCountry "CZE"]

1. d4 Nf6 2. c4 d6 3. Nf3 Nbd7 4. Nc3 e5 5. e4 Be7 6. Be2 0-0 7. 0-0 c6 8. h3 Re8 9. Qc2 Qc7 10. Be3 a6 11. a4 a5 12. Nd2 exd4 13. Bxd4 Nf8 14. f4 Ne6 15. Be3 d5 16. f5 d4 17. fxe6 dxe3 18. exf7+ Kxf7 19. Nf3 Qg3 20. e5 Bxh3 21. Ne1 Qxe5 22. Qxh7 Rh8 23. Qe4 Qg3 24. Qf3 Qg6 25. Ne4 Kg8 26. Bd3 Bd7 27. Nxf6+ Qxf6 28. Qxf6 Bxf6 29. c5 e2 30. Bc4+ Kh7 31. Bxe2 Bd4+ 32. Kh2 Bxc5 33. Kg3 Bd6+ 34. Kf3 Rhf8+ 35. Ke3 Rae8+ 36. Kd3 Rxf1 37. Bxf1 Bf5+ 38. Kc4 Re4+ 39. Kb3 Re3+ 40. Kc4 Re4+ 41. Kb3 Rb4+ 42. Kc3 Be5+ 0-1

[Event "CZE-chT2c 0506"]
[Site "Czech Republic"]
[Date "2006.03.12"]
[Round "9.6"]
[White "Jandovsky, Viktor"]
[Black "Kalous, Miroslav"]
[Result "1/2-1/2"]
[WhiteElo "2156"]
[BlackElo "2102"]
[PlyCount "106"]
[EventDate "2005.10.16"]
[EventType "team-tourn"]
[EventRounds "11"]
[EventCountry "CZE"]
[SourceTitle "EXT 2009"]
[Source "ChessBase"]
[SourceDate "2008.11.26"]
[SourceVersion "1"]
[SourceVersionDate "2008.11.26"]
[SourceQuality "1"]
[WhiteTeam "Praha Pankrac II"]
[BlackTeam "Bohemians II"]
[WhiteTeamCountry "CZE"]
[BlackTeamCountry "CZE"]

1. e4 e6 2. d4 d5 3. Nc3 Bb4 4. e5 Ne7 5. Nf3 b6 6. Bb5+ c6 7. Bd3 Ba6 8. Bxa6 Nxa6 9. Qd3 Nb8 10. 0-0 Bxc3 11. Qxc3 h6 12. a4 Nd7 13. b3 Rc8 14. a5 0-0 15. axb6 axb6 16. Ra7 c5 17. dxc5 bxc5 18. Re1 Nc6 19. Ra4 d4 20. Qd3 Nb6 21. Ra1 Nb4 22. Qe4 f5 23. exf6 Qxf6 24. Bd2 N6d5 25. h3 Qf5 26. Bxb4 Nxb4 27. Qxf5 Rxf5 28. Re2 Rcf8 29. Ne1 e5 30. Nd3 Nxd3 31. cxd3 Rb8 32. Ra3 Rf6 33. Rxe5 Rfb6 34. Re7 R6b7 35. Rxb7 Rxb7 36. Kf1 Kf7 37. Ke2 Ke6 38. Kd2 Kd5 39. Ke2 g5 40. Kd2 h5 41. Ke2 Re7+ 42. Kd2 Rf7 43. Ke2 Re7+ 44. Kf1 Kc6 45. Ra8 Kb5 46. Rb8+ Ka5 47. g3 Re5 48. Rb7 Rf5 49. Ke2 Re5+ 50. Kf3 Rf5+ 51. Ke2 Re5+ 52. Kd1 Rf5 53. Ke2 Re5+ 1/2-1/2

[Event "CZE-chT2c 0506"]
[Site "Czech Republic"]
[Date "2005.10.16"]
[Round "1.4"]
[White "Vodicka, Vlastimil"]
[Black "Jandovsky, Viktor"]
[Result "1/2-1/2"]
[WhiteElo "2237"]
[BlackElo "2156"]
[PlyCount "45"]
[EventDate "2005.10.16"]
[EventType "team-tourn"]
[EventRounds "11"]
[EventCountry "CZE"]
[SourceTitle "EXT 2009"]
[Source "ChessBase"]
[SourceDate "2008.11.26"]
[SourceVersion "1"]
[SourceVersionDate "2008.11.26"]
[SourceQuality "1"]
[WhiteTeam "Mlada Boleslav"]
[BlackTeam "Praha Pankrac II"]
[WhiteTeamCountry "CZE"]
[BlackTeamCountry "CZE"]

1. Nf3 c5 2. g3 Nc6 3. Bg2 g6 4. 0-0 Bg7 5. d3 d6 6. Nbd2 Nf6 7. e4 0-0 8. a4 h6 9. h3 e5 10. Nc4 Be6 11. Re1 Qd7 12. Kh2 Rad8 13. a5 Qc7 14. Bd2 d5 15. exd5 Nxd5 16. c3 Rfe8 17. Qa4 Bf5 18. Ne3 Nxe3 19. Bxe3 b6 20. axb6 axb6 21. Nd2 Ne7 22. Ne4 Nd5 23. Bc1 1/2-1/2